Aseptic processing and packaging of particulate foods

Đã lưu trong:
书目详细资料
主要作者: Willhoft, Edward M.A.
格式: 图书
语言:Undetermined
出版: New York,London Blackie Academic & Professional 1993
主题:
标签: 添加标签
没有标签, 成为第一个标记此记录!
Thư viện lưu trữ: Trung tâm Học liệu Trường Đại học Cần Thơ
LEADER 00668nam a2200217Ia 4500
001 CTU_126300
008 210402s9999 xx 000 0 und d
082 |a 664.02 
082 |b W689 
100 |a Willhoft, Edward M.A. 
245 0 |a Aseptic processing and packaging of particulate foods 
245 0 |c edited by Edward M.A. Willhoft 
260 |a New York,London 
260 |b Blackie Academic & Professional 
260 |c 1993 
526 |a Bao bì thực phẩm,Bao bì thực phẩm 
526 |b NN226,SP494 
650 |a Food,Particles 
650 |x Preservation 
904 |i Nguyên 
980 |a Trung tâm Học liệu Trường Đại học Cần Thơ